000
00359nam a2200157 4500
008
190329s1982||||xo d
100
1
_a
Hutníková Jana
_9
1017
245
1
0
_a
Výživa tehotnej ženy
250
_a
1.vydanie
260
_b
ÚZV
_a
Bratislava
_c
1982
300
_a
40 s.
020
_c
0
041
1
_a
slo
044
_a
xo
_c
SK
958
_a
APR
999
_c
22288
_d
22288